US Cities with Native American Names - Sudden Death - Statistics

General Stats
  • This quiz has been taken 2,828 times
  • The average score is 11 of 20
Answers on the Grid
Answers color-coded by a green-red scale on the quiz's grid according to % correct below.
Austin
Boston
Chattanooga
Chesapeake
Cheyenne
Chicago
Detroit
Kansas City
Memphis
Miami
Milwaukee
Minneapolis
Mobile
Oklahoma City
Omaha
Philadelphia
Phoenix
Raleigh
Sacramento
Seattle
Spokane
St. Paul
Tacoma
Tallahassee
Tampa
Topeka
Tucson
Tulsa
Virginia Beach
Wichita
 
Answer Stats
Answer % Correct
Chattanooga
87%
Cheyenne
84%
Chesapeake
79%
Milwaukee
78%
Topeka
68%
Wichita
67%
Omaha
65%
Tallahassee
64%
Spokane
60%
Tacoma
60%
Tulsa
51%
Oklahoma City
47%
Tucson
45%
Chicago
38%
Tampa
38%
Miami
37%
Kansas City
30%
Minneapolis
29%
Seattle
28%
Mobile
11%
No matching quizzes found
Score Distribution
Percent of People with Each Score
Percentile by Number Answered
Your Score History
You have not taken this quiz